The emotionally intelligent manager : how to develop and use the four key emotional skills of leadership
Αποθηκεύτηκε σε:
| Κύριος συγγραφέας: | |
|---|---|
| Άλλοι συγγραφείς: | |
| Μορφή: | Βιβλίο |
| Γλώσσα: | English |
| Δημοσίευση: |
San Fancisco :
Jossey-Bass,
c2004
|
| Θέματα: | |
| Ετικέτες: |
Προσθήκη ετικέτας
Δεν υπάρχουν, Καταχωρήστε ετικέτα πρώτοι!
|
MARC
| LEADER | 00000cam a2200000 i 4500 | ||
|---|---|---|---|
| 001 | 1/40106 | ||
| 008 | 140114s2004 eng d | ||
| 020 | |a 978-0-7879-7071-0 | ||
| 020 | |a 0-7879-7071-9 | ||
| 035 | |l 10116325 | ||
| 040 | |a GR-MY-UA |b gre |e aacr | ||
| 041 | 0 | |a eng | |
| 082 | 0 | |a 658.409 |2 (22) | |
| 100 | 1 | |a Caruso, David. | |
| 245 | 1 | 4 | |a The emotionally intelligent manager : |b how to develop and use the four key emotional skills of leadership / |c David R. Caruso, Peter Salovey |
| 260 | |a San Fancisco : |b Jossey-Bass, |c c2004 | ||
| 300 | |a xxi, 294 σ.; |c 24 εκ. | ||
| 504 | |a Βιβλιογραφία: σ. 253-272. Ευρετήριο | ||
| 650 | 0 | 0 | |a Leadership |x Psychological aspects. |
| 650 | 0 | 0 | |a Management |x Psychological aspects. |
| 650 | 0 | 0 | |a Emotional intelligence. |
| 650 | 0 | 0 | |a Executive ability. |
| 700 | 1 | |a Salovey, Peter. | |
| 852 | |a INST |b SYROS |e 20140114 |h 658.409 CAR |p 005500011214 |q 005500011214 |t BK |y 0 | ||
| 901 | |a BIBL5-2014-1 | ||
| 909 | |a Ε |b 174653 | ||
| 970 | |a ΤΣΟΥΚΑΛΑ |b ΑΛΙΚΗ |z 2014/01/ | ||